A Szegedi Kereskedelmi és Iparkamara jelentése a kerület 1922. évi közgazdasági viszonyairól

Elmentve itt :
Bibliográfiai részletek
Dokumentumtípus: Könyv
Megjelent: Szegedi Kereskedelmi és Iparkamara Szeged 1923
Kulcsszavak:Gazdasági szervezetek - Magyarország - regionális - 20. sz. - forrás, Kereskedelmi kamara - Magyarország - regionális, Szeged - gazdasági élet - 1920-as évek
Tárgyszavak:
Online Access:http://misc.bibl.u-szeged.hu/60377
LEADER 00904nam a2200193 i 4500
001 misc60377
005 20210810122035.0
008 210810s1923 hu o 0|| hun d
040 |a SZTE Miscellanea Repozitórium  |b hun 
041 |a hun 
245 0 2 |a A Szegedi Kereskedelmi és Iparkamara jelentése a kerület 1922. évi közgazdasági viszonyairól  |h [elektronikus dokumentum] 
260 |a Szegedi Kereskedelmi és Iparkamara  |b Szeged  |c 1923 
300 |a 31 p.  |c 26 cm 
650 4 |a Társadalomtudományok 
650 4 |a Közgazdasági és gazdálkodástudományok 
650 4 |a Közgazdaság, ökonometria 
650 4 |a Gazdaságtörténet, fejlődés 
695 |a Gazdasági szervezetek - Magyarország - regionális - 20. sz. - forrás, Kereskedelmi kamara - Magyarország - regionális, Szeged - gazdasági élet - 1920-as évek 
856 4 0 |u http://misc.bibl.u-szeged.hu/60377/1/xc_71349_2.pdf  |z Dokumentum-elérés